| 000 | 00601nam a22001937a 4500 | ||
|---|---|---|---|
| 003 | koha_MIRAKIL | ||
| 005 | 20231213100053.0 | ||
| 008 | 231213b |||||||| |||| 00| 0 ||| d | ||
| 020 | _b978-9-75082708-2 | ||
| 040 |
_aTR-IsEVY _btur _cTR-IsEVY |
||
| 082 | _a816.42 KAN/Y | ||
| 100 | _aKanık, Orhan Veli, 1914-1950. | ||
| 245 | 0 |
_aYalnız seni arıyorum _bNahit Hanım'a mektuplar |
|
| 260 |
_bYapı Kredi Yayınları, _c2014 |
||
| 300 | _a170 s. | ||
| 650 | _aKanık, Orhan Veli, -- 1914-1950 -- Correspondence. | ||
| 650 | _aKanık, Orhan Veli, -- 1914-1950 -- Mektuplar. | ||
| 942 |
_2ddc _cBK |
||
| 999 |
_c14034 _d14034 |
||